Flor nueva de Romances Viejos

שמור ב:
מידע ביבליוגרפי
מחבר ראשי: Menéndez Pidal, Ramón
פורמט: ספר
שפה:Undetermined
יצא לאור: Madrid, España Espasa-Calpe 1968
מהדורה:22
נושאים:
תגים: הוספת תג
אין תגיות, היה/י הראשונ/ה לתייג את הרשומה!

MARC

LEADER 00000nam a2200000Ia 4500
008 170316s9999 xx 000 0 und d
040 |a cru BVZT 
090 |a 862 M-36f 
100 |a Menéndez Pidal, Ramón 
245 |a Flor nueva de Romances Viejos 
250 |a 22 
260 |a Madrid, España 
260 |b Espasa-Calpe 
260 |c 1968 
300 |a 316 páginas 
650 |a LITERATURA ESPAÑOLA 
650 |a ROMANCERO 
999 |c 10146  |d 10146 
942 |c 15 D  |h 862 M-36f  |2 z